Past-partum family planning: A report on the international programme (Record no. 201918)

MARC details
000 -LEADER
fixed length control field 00407nam a2200145Ia 4500
008 - FIXED-LENGTH DATA ELEMENTS--GENERAL INFORMATION
fixed length control field 230917s9999||||xx |||||||||||||| ||und||
040 ## - CATALOGING SOURCE
-- 23005
Original cataloging agency VIVEKANANDA LIBRARY
041 ## - Language
-- English
082 ## - DDC NUMBER
Classification number 301.426 Z19P
100 ## - MAIN ENTRY--PERSONAL NAME
Personal name Zatuchni, GeraldI, ed.
245 #0 - TITLE STATEMENT
Title Past-partum family planning: A report on the international programme
260 ## - PUBLICATION, DISTRIBUTION, ETC. (IMPRINT)
Place of publication, distribution, etc New York
Name of publisher, distributor, etc McGraw-Hill
Date of publication, distribution, etc 1970
300 ## - PHYSICAL DESCRIPTION
Pages xxx, 4777 p.
942 ## - ADDED ENTRY ELEMENTS (KOHA)
Koha item type Books
Holdings
Withdrawn status Lost status Damaged status Not for loan Location (home branch) Sublocation or collection (holding branch) Date acquired Koha issues (times borrowed) Koha full call number Accession No. Koha date last seen Koha item type
        VIVEKANANDA LIBRARY VIVEKANANDA LIBRARY 08/08/2002   301.426 Z19P 61209 17/09/2023 Books
© Designed and Maintained by Vivekananda Library, MDU Rohtak